000 00652cam a2200217u 4500
001 9184958
003 GBCCL
005 20241126110355.0
008 821001s1918 paucf 000 0 eng
010 _a 18018980
040 _aDLC
_cCarP
_dDLC
050 0 0 _aBR146
_b.H65
082 _a270
_bHUR
100 1 _aHurlbut, Jesse Lyman,
_d1843-1930.
_92175
245 1 0 _aHurlbut's story of the Christian church,
260 _aPhiladelphia,
_aChicago,
_bThe John C. Winston company,
_c1918.
300 _a251 p.
_bfront., plates, ports.
_c20 cm.
650 0 _aChurch history.
_9117
906 _a0
_bcbc
_cpremunv
_du
_encip
_f19
_gy-gencatlg
942 _2ddc
_cBK
_04
999 _c1182
_d1182